Euro-missiles and the general balance of NATO and Warsaw Pact forces / (Record no. 164657)
[ view plain ]
| 000 -LEADER | |
|---|---|
| fixed length control field | 01069cam9a220030100 4500 |
| 001 - CONTROL NUMBER | |
| control field | lce01380449 |
| 005 - DATE AND TIME OF LATEST TRANSACTION | |
| control field | 20190826102645.0 |
| 008 - FIXED-LENGTH DATA ELEMENTS--GENERAL INFORMATION | |
| fixed length control field | 820104s1979 fi b 000 0 eng |
| 010 ## - LIBRARY OF CONGRESS CONTROL NUMBER | |
| LC control number | 81179755 //r90 |
| 015 ## - NATIONAL BIBLIOGRAPHY NUMBER | |
| National bibliography number | Fi*** |
| 035 ## - SYSTEM CONTROL NUMBER | |
| System control number | (Sirsi) r62092 |
| 035 ## - SYSTEM CONTROL NUMBER | |
| System control number | (DLC) 81179755 //r90 |
| 035 ## - SYSTEM CONTROL NUMBER | |
| System control number | (UPRA)lce01380449 |
| 040 ## - CATALOGING SOURCE | |
| Original cataloging agency | DLC |
| Transcribing agency | DLC |
| Modifying agency | DLC |
| -- | UPRA |
| 043 ## - GEOGRAPHIC AREA CODE | |
| Geographic area code | e------ n------ |
| -- | e------ n------ |
| 050 00 - LIBRARY OF CONGRESS CALL NUMBER | |
| Classification number | UA646 |
| Item number | .P28 |
| 082 00 - DEWEY DECIMAL CLASSIFICATION NUMBER | |
| Classification number | 355/.03304 |
| Edition number | 19 |
| 100 1# - MAIN ENTRY--PERSONAL NAME | |
| Personal name | Pasti, Nino, 1909- |
| Dates associated with a name | Pasti, Nino, 1909- |
| Linkage | A21750.1 |
| 245 10 - TITLE STATEMENT | |
| Title | Euro-missiles and the general balance of NATO and Warsaw Pact forces / |
| Statement of responsibility, etc. | Nino Pasti. |
| 260 ## - PUBLICATION, DISTRIBUTION, ETC. | |
| Place of publication, distribution, etc. | Helsinki : |
| Name of publisher, distributor, etc. | Information Centre of the World Peace Council, |
| Date of publication, distribution, etc. | [1979] |
| 504 ## - BIBLIOGRAPHY, ETC. NOTE | |
| Bibliography, etc. note | Includes bibliographical references. |
| 610 20 - SUBJECT ADDED ENTRY--CORPORATE NAME | |
| Corporate name or jurisdiction name as entry element | North Atlantic Treaty Organization. |
| Linkage | S15255.1 |
| 610 20 - SUBJECT ADDED ENTRY--CORPORATE NAME | |
| Corporate name or jurisdiction name as entry element | Warsaw Treaty Organization. |
| Linkage | S15256.1 |
| 650 #0 - SUBJECT ADDED ENTRY--TOPICAL TERM | |
| Topical term or geographic name entry element | Nuclear weapons. |
| Linkage | S15220.1 |
| 651 #0 - SUBJECT ADDED ENTRY--GEOGRAPHIC NAME | |
| Geographic name | Europe -- Defenses. |
| General subdivision | Europe -- Defenses. |
| Linkage | S15257.1 |
| 949 ## - LOCAL PROCESSING INFORMATION (OCLC) | |
| a | UA646 |
| w | lcc |
| i | -81830 |
| m | MAIN |
| t | BOOK |
| l | ON-SHELF |
No items available.